Financial programming and policy: the case of Hungary (Record no. 63109)

MARC details
000 -LEADER
fixed length control field 00782nam a2200193 a 4500
008 - FIXED-LENGTH DATA ELEMENTS--GENERAL INFORMATION
fixed length control field 120416s1992 ||||||||||||||||| || u
020 ## - INTERNATIONAL STANDARD BOOK NUMBER
International Standard Book Number 1557755795
050 ## - LIBRARY OF CONGRESS CALL NUMBER
Classification number IMF(02)
100 ## - MAIN ENTRY--PERSONAL NAME
Personal name Swiderski, Karen
245 10 - TITLE STATEMENT
Title Financial programming and policy: the case of Hungary
260 ## - PUBLICATION, DISTRIBUTION, ETC.
Place of publication, distribution, etc. Washington, D.C.
Name of publisher, distributor, etc. IMF
Date of publication, distribution, etc. 1992
300 ## - PHYSICAL DESCRIPTION
Extent 205p. : ill.
350 ## -
-- 0.00
650 ## - SUBJECT ADDED ENTRY--TOPICAL TERM
Topical term or geographic name entry element FINANCE--SRI LANKA
650 #0 - SUBJECT ADDED ENTRY--TOPICAL TERM
Topical term or geographic name entry element ECONOMIC POLICY
650 ## - SUBJECT ADDED ENTRY--TOPICAL TERM
Topical term or geographic name entry element MONETARY POLICY--SRI LANKA
995 ## -
-- SPECIAL COLLECTIONS
-- 0.00
-- 019173
-- CBU-MAIN LIBRARY (Kitwe)
-- 1
-- 19.00
-- IMF(02)1996/ 4A
-- 1
-- AVAILABLE
-- 019173
-- International Publications
995 ## -
-- SPECIAL COLLECTIONS
-- 0.00
-- 019502
-- CBU-MAIN LIBRARY (Kitwe)
-- 1
-- 0.00
-- IMF(02)96/ 4B
-- 1
-- AVAILABLE
-- Apr 8, 2008
-- 019502
-- International Publications
999 ## -
-- 63109
-- 63109
Holdings
Withdrawn status Lost status Source of classification or shelving scheme Damaged status Not for loan Permanent Location Current Location Shelving location Date acquired Total Checkouts Full call number Barcode Date last seen Price effective from Koha item type
          CBU-MAIN LIBRARY, KITWE. CBU-MAIN LIBRARY, KITWE.   12/24/2022   IMF(02) 019173 12/24/2022 12/24/2022 MONOGRAPH
          CBU-MAIN LIBRARY, KITWE. CBU-MAIN LIBRARY, KITWE.   12/24/2022   IMF(02) 019502 12/24/2022 12/24/2022 MONOGRAPH